header

The journey through time : Dinosaur disaster (Record no. 265256)

MARC details
000 -LEADER
fixed length control field 00253nam a22000977a 4500
020 ## - INTERNATIONAL STANDARD BOOK NUMBER
ISBN 9780545611275
100 ## - MAIN ENTRY--AUTHOR NAME
Personal name Geronimo Stilton.
245 ## - TITLE STATEMENT
Title The journey through time : Dinosaur disaster
260 ## - PUBLICATION, DISTRIBUTION, ETC. (IMPRINT)
Place of publication New York
Name of publisher Scholastic Inc.
Year of publication 2020.
942 ## - ADDED ENTRY ELEMENTS (KOHA)
Koha item type Long Loan Books
Holdings
Withdrawn status Lost status Collection code Home library Current library Shelving location Date acquired Accession Number Koha item type
    Fiction Rongo University Library Rongo University Library Children's Area 19/11/2025 CL20250050 Long Loan Books

© 2026 Rongo University
Contact us: librarian | system librarian | Rongo university